[Event "DEM U18 2024"]
[Site "Willingen GER"]
[Date "2024.05.20"]
[Round "3"]
[White "Heinrich, John"]
[Black "Garner, Isaac"]
[Result "1/2-1/2"]
[Termination "normal"]
[Board "6"]
[WhiteElo "2277"]
[BlackElo "2289"]
[WhiteClock "00:20:10"]
[BlackClock "00:27:10"]
[PlyCount "53"]
[WhiteFideId "16259491"]
[BlackFideId "16239261"]
[EventCountry "GER"]
[EventRounds "9"]
[EventType "swiss"]
[EventDate "2024.05.18"]

1. Nf3 {[%clk 01:30:56]} {[%emt 00:00:03]} Nf6 {[%clk 01:30:23]} {[%emt
00:00:38]} 2. c4 {[%clk 01:31:16]} {[%emt 00:00:09]} e6 {[%clk 01:29:49]}
{[%emt 00:01:05]} 3. Nc3 {[%clk 01:31:06]} {[%emt 00:00:39]} d5 {[%clk
01:30:11]} {[%emt 00:00:08]} 4. e3 {[%clk 01:31:31]} {[%emt 00:00:05]} Bd6
{[%clk 01:30:35]} {[%emt 00:00:07]} 5. b3 {[%clk 01:31:22]} {[%emt 00:00:39]}
O-O {[%clk 01:30:55]} {[%emt 00:00:09]} 6. Bb2 {[%clk 01:31:08]} {[%emt
00:00:45]} Re8 {[%clk 01:31:16]} {[%emt 00:00:09]} 7. Be2 {[%clk 01:24:01]}
{[%emt 00:07:38]} dxc4 {[%clk 01:31:37]} {[%emt 00:00:08]} 8. bxc4 {[%clk
01:24:19]} {[%emt 00:00:13]} e5 {[%clk 01:31:59]} {[%emt 00:00:07]} 9. d4
{[%clk 01:24:18]} {[%emt 00:00:31]} exd4 {[%clk 01:32:22]} {[%emt 00:00:07]}
10. exd4 {[%clk 01:24:35]} {[%emt 00:00:13]} Bg4 {[%clk 01:32:39]} {[%emt
00:00:12]} 11. O-O {[%clk 01:24:27]} {[%emt 00:00:39]} Nc6 {[%clk 01:33:01]}
{[%emt 00:00:08]} 12. Nb5 {[%clk 01:20:40]} {[%emt 00:04:16]} Nh5 {[%clk
01:21:03]} {[%emt 00:12:29]} 13. Ne5 {[%clk 00:54:48]} {[%emt 00:26:22]} Bxe2
{[%clk 01:19:12]} {[%emt 00:02:21]} 14. Qxe2 {[%clk 00:55:11]} {[%emt
00:00:07]} g6 {[%clk 01:03:48]} {[%emt 00:15:54]} 15. Qf3 {[%clk 00:46:35]}
{[%emt 00:09:06]} Bxe5 {[%clk 01:01:21]} {[%emt 00:02:57]} 16. dxe5 {[%clk
00:43:14]} {[%emt 00:03:51]} a6 {[%clk 01:00:05]} {[%emt 00:01:47]} 17. Rad1
{[%clk 00:38:46]} {[%emt 00:04:56]} Qc8 {[%clk 00:45:36]} {[%emt 00:15:00]} 18.
e6 {[%clk 00:35:29]} {[%emt 00:03:47]} Rxe6 {[%clk 00:44:44]} {[%emt 00:01:21]}
19. Qc3 {[%clk 00:32:15]} {[%emt 00:03:44]} f6 {[%clk 00:44:39]} {[%emt
00:00:37]} 20. Nd4 {[%clk 00:31:34]} {[%emt 00:01:10]} Nxd4 {[%clk 00:44:19]}
{[%emt 00:00:50]} 21. Rxd4 {[%clk 00:30:00]} {[%emt 00:02:04]} c5 {[%clk
00:42:39]} {[%emt 00:02:11]} 22. Rd2 {[%clk 00:29:23]} {[%emt 00:01:06]} Qc6
{[%clk 00:42:36]} {[%emt 00:00:33]} 23. g3 {[%clk 00:23:56]} {[%emt 00:05:57]}
Ng7 {[%clk 00:40:02]} {[%emt 00:03:04]} 24. Rfd1 {[%clk 00:22:27]} {[%emt
00:01:59]} Rae8 {[%clk 00:34:32]} {[%emt 00:06:00]} 25. Rd8 {[%clk 00:22:25]}
{[%emt 00:00:32]} Nf5 {[%clk 00:32:46]} {[%emt 00:02:15]} 26. Rxe8+ {[%clk
00:20:17]} {[%emt 00:02:39]} Qxe8 {[%clk 00:27:10]} {[%emt 00:06:06]} 27. Qf3
{[%clk 00:20:10]} {[%emt 00:00:36]} 1/2-1/2

[Event "DEM U18 2024"]
[Site "Willingen GER"]
[Date "2024.05.20"]
[Round "3"]
[White "Spriestersbach, Kai"]
[Black "Hommer, Jeremy"]
[Result "1-0"]
[Termination "normal"]
[Board "7"]
[BlackTitle "FM"]
[WhiteElo "2192"]
[BlackElo "2264"]
[WhiteClock "00:02:38"]
[BlackClock "00:16:03"]
[PlyCount "111"]
[WhiteFideId "16269985"]
[BlackFideId "12992577"]
[EventCountry "GER"]
[EventRounds "9"]
[EventType "swiss"]
[EventDate "2024.05.18"]

1. e4 {[%clk 01:30:57]} {[%emt 00:00:01]} c6 {[%clk 01:30:48]} {[%emt
00:00:12]} 2. d4 {[%clk 01:31:23]} {[%emt 00:00:04]} d5 {[%clk 01:31:10]}
{[%emt 00:00:09]} 3. exd5 {[%clk 01:31:46]} {[%emt 00:00:08]} cxd5 {[%clk
01:31:31]} {[%emt 00:00:08]} 4. Nf3 {[%clk 01:32:12]} {[%emt 00:00:04]} Nc6
{[%clk 01:31:06]} {[%emt 00:00:56]} 5. Ne5 {[%clk 01:32:34]} {[%emt 00:00:07]}
Nf6 {[%clk 01:25:37]} {[%emt 00:05:59]} 6. Bb5 {[%clk 01:32:46]} {[%emt
00:00:18]} Bd7 {[%clk 01:24:35]} {[%emt 00:01:32]} 7. Nxd7 {[%clk 01:33:09]}
{[%emt 00:00:07]} Qxd7 {[%clk 01:24:08]} {[%emt 00:00:57]} 8. c3 {[%clk
01:33:01]} {[%emt 00:00:38]} e6 {[%clk 01:23:58]} {[%emt 00:00:39]} 9. O-O
{[%clk 01:33:12]} {[%emt 00:00:19]} Bd6 {[%clk 01:21:57]} {[%emt 00:02:31]} 10.
Nd2 {[%clk 01:31:25]} {[%emt 00:02:17]} a6 {[%clk 01:18:14]} {[%emt 00:04:14]}
11. Bd3 {[%clk 01:31:13]} {[%emt 00:00:42]} Qc7 {[%clk 01:18:16]} {[%emt
00:00:28]} 12. Nf3 {[%clk 01:28:40]} {[%emt 00:03:02]} h6 {[%clk 01:13:12]}
{[%emt 00:05:34]} 13. Re1 {[%clk 01:27:53]} {[%emt 00:01:17]} O-O {[%clk
00:55:17]} {[%emt 00:18:26]} 14. Qe2 {[%clk 01:24:55]} {[%emt 00:03:27]} Nd7
{[%clk 00:54:52]} {[%emt 00:00:55]} 15. Be3 {[%clk 01:13:23]} {[%emt 00:12:02]}
Rfe8 {[%clk 00:46:52]} {[%emt 00:08:31]} 16. Rad1 {[%clk 01:10:26]} {[%emt
00:03:26]} Rab8 {[%clk 00:42:20]} {[%emt 00:05:02]} 17. Qd2 {[%clk 00:53:47]}
{[%emt 00:17:08]} Nf8 {[%clk 00:42:21]} {[%emt 00:00:31]} 18. g3 {[%clk
00:53:28]} {[%emt 00:00:49]} f6 {[%clk 00:40:40]} {[%emt 00:02:11]} 19. Nh4
{[%clk 00:47:49]} {[%emt 00:06:09]} Qf7 {[%clk 00:39:46]} {[%emt 00:01:24]} 20.
Qe2 {[%clk 00:39:12]} {[%emt 00:09:06]} g5 {[%clk 00:39:20]} {[%emt 00:00:56]}
21. Ng2 {[%clk 00:38:34]} {[%emt 00:01:08]} b5 {[%clk 00:38:24]} {[%emt
00:01:27]} 22. f4 {[%clk 00:35:45]} {[%emt 00:03:19]} Qg7 {[%clk 00:33:08]}
{[%emt 00:05:46]} 23. Qh5 {[%clk 00:31:11]} {[%emt 00:05:04]} Ne7 {[%clk
00:31:37]} {[%emt 00:02:00]} 24. Bc1 {[%clk 00:26:14]} {[%emt 00:05:28]} Neg6
{[%clk 00:24:06]} {[%emt 00:08:01]} 25. f5 {[%clk 00:24:36]} {[%emt 00:02:09]}
exf5 {[%clk 00:22:19]} {[%emt 00:02:16]} 26. Ne3 {[%clk 00:24:11]} {[%emt
00:00:54]} Rxe3 {[%clk 00:19:46]} {[%emt 00:03:05]} 27. Bxe3 {[%clk 00:24:20]}
{[%emt 00:00:20]} f4 {[%clk 00:19:29]} {[%emt 00:00:47]} 28. Bf2 {[%clk
00:24:21]} {[%emt 00:00:29]} Kh7 {[%clk 00:18:49]} {[%emt 00:01:09]} 29. Re2
{[%clk 00:21:26]} {[%emt 00:03:25]} Qc7 {[%clk 00:16:53]} {[%emt 00:02:26]} 30.
Rde1 {[%clk 00:17:56]} {[%emt 00:04:01]} Kg7 {[%clk 00:17:20]} {[%emt
00:00:02]} 31. Kg2 {[%clk 00:14:07]} {[%emt 00:04:19]} Qd7 {[%clk 00:17:05]}
{[%emt 00:00:46]} 32. Kg1 {[%clk 00:12:02]} {[%emt 00:02:35]} b4 {[%clk
00:10:59]} {[%emt 00:06:36]} 33. Qf3 {[%clk 00:07:15]} {[%emt 00:05:16]} bxc3
{[%clk 00:10:05]} {[%emt 00:01:24]} 34. bxc3 {[%clk 00:07:39]} {[%emt
00:00:07]} Bc7 {[%clk 00:10:17]} {[%emt 00:00:18]} 35. Bxa6 {[%clk 00:05:55]}
{[%emt 00:02:14]} Qh3 {[%clk 00:10:24]} {[%emt 00:00:22]} 36. Qg2 {[%clk
00:04:23]} {[%emt 00:02:03]} Qf5 {[%clk 00:09:43]} {[%emt 00:01:11]} 37. g4
{[%clk 00:03:58]} {[%emt 00:00:55]} Qd7 {[%clk 00:09:38]} {[%emt 00:00:34]} 38.
Qf3 {[%clk 00:03:39]} {[%emt 00:00:49]} Ba5 {[%clk 00:08:28]} {[%emt 00:01:41]}
39. Bd3 {[%clk 00:02:38]} {[%emt 00:01:31]} Rb7 {[%clk 00:05:24]} {[%emt
00:03:34]} 40. Bf5 {[%clk 00:02:16]} {[%emt 00:00:52]} Qc6 {[%clk 00:05:25]}
{[%emt 00:00:29]} 41. Rc1 {[%clk 00:29:58]} {[%emt 00:02:48]} Rc7 {[%clk
00:34:25]} {[%emt 00:01:30]} 42. Bd3 {[%clk 00:27:20]} {[%emt 00:03:08]} Qd6
{[%clk 00:30:55]} {[%emt 00:04:00]} 43. Rec2 {[%clk 00:22:58]} {[%emt
00:04:52]} Ne6 {[%clk 00:25:54]} {[%emt 00:05:30]} 44. c4 {[%clk 00:21:18]}
{[%emt 00:02:12]} dxc4 {[%clk 00:24:41]} {[%emt 00:01:41]} 45. Rxc4 {[%clk
00:21:31]} {[%emt 00:00:18]} Re7 {[%clk 00:23:02]} {[%emt 00:02:08]} 46. Bxg6
{[%clk 00:08:30]} {[%emt 00:13:32]} Kxg6 {[%clk 00:23:19]} {[%emt 00:00:12]}
47. Rc6 {[%clk 00:08:48]} {[%emt 00:00:12]} Qd7 {[%clk 00:22:47]} {[%emt
00:01:02]} 48. Qe4+ {[%clk 00:08:01]} {[%emt 00:01:17]} Kg7 {[%clk 00:22:53]}
{[%emt 00:00:23]} 49. Qf5 {[%clk 00:06:18]} {[%emt 00:02:14]} Bd2 {[%clk
00:22:39]} {[%emt 00:00:45]} 50. R1c2 {[%clk 00:04:52]} {[%emt 00:01:55]} Qb7
{[%clk 00:17:33]} {[%emt 00:05:37]} 51. Rxe6 {[%clk 00:04:39]} {[%emt
00:00:42]} Rxe6 {[%clk 00:17:25]} {[%emt 00:00:39]} 52. Rxd2 {[%clk 00:04:46]}
{[%emt 00:00:22]} Rb6 {[%clk 00:17:26]} {[%emt 00:00:29]} 53. d5 {[%clk
00:03:58]} {[%emt 00:01:18]} Rb1+ {[%clk 00:16:59]} {[%emt 00:00:57]} 54. Kg2
{[%clk 00:04:24]} {[%emt 00:00:05]} Qb5 {[%clk 00:15:34]} {[%emt 00:01:54]} 55.
Qd3 {[%clk 00:03:40]} {[%emt 00:01:14]} Qb4 {[%clk 00:16:03]} {[%emt 00:00:02]}
56. Rc2 {[%clk 00:02:38]} {[%emt 00:01:31]} 1-0

[Event "DEM U18 2024"]
[Site "Willingen GER"]
[Date "2024.05.20"]
[Round "3"]
[White "Weidenhöfer, Max"]
[Black "Englert, Luca"]
[Result "1-0"]
[Termination "normal"]
[Board "8"]
[WhiteElo "2108"]
[BlackElo "2168"]
[WhiteClock "00:26:13"]
[BlackClock "00:02:24"]
[PlyCount "81"]
[WhiteFideId "16230566"]
[BlackFideId "16293088"]
[EventCountry "GER"]
[EventRounds "9"]
[EventType "swiss"]
[EventDate "2024.05.18"]

1. e4 {[%clk 01:30:55]} {[%emt 00:00:04]} c5 {[%clk 01:30:52]} {[%emt
00:00:09]} 2. Nf3 {[%clk 01:31:20]} {[%emt 00:00:05]} d6 {[%clk 01:31:18]}
{[%emt 00:00:05]} 3. d4 {[%clk 01:31:45]} {[%emt 00:00:05]} cxd4 {[%clk
01:31:42]} {[%emt 00:00:05]} 4. Nxd4 {[%clk 01:32:09]} {[%emt 00:00:06]} Nf6
{[%clk 01:32:08]} {[%emt 00:00:04]} 5. Nc3 {[%clk 01:32:34]} {[%emt 00:00:05]}
a6 {[%clk 01:32:35]} {[%emt 00:00:04]} 6. Qd3 {[%clk 01:32:51]} {[%emt
00:00:12]} e6 {[%clk 01:29:57]} {[%emt 00:03:08]} 7. a4 {[%clk 01:33:07]}
{[%emt 00:00:14]} Nbd7 {[%clk 01:27:35]} {[%emt 00:02:52]} 8. Be2 {[%clk
01:22:47]} {[%emt 00:10:50]} Nc5 {[%clk 01:24:42]} {[%emt 00:03:24]} 9. Qe3
{[%clk 01:20:23]} {[%emt 00:02:53]} e5 {[%clk 01:18:16]} {[%emt 00:06:56]} 10.
Nb3 {[%clk 01:04:35]} {[%emt 00:16:18]} Ne6 {[%clk 01:06:42]} {[%emt 00:12:04]}
11. Bd2 {[%clk 00:58:54]} {[%emt 00:06:11]} Be7 {[%clk 01:04:38]} {[%emt
00:02:35]} 12. a5 {[%clk 00:54:48]} {[%emt 00:04:35]} O-O {[%clk 00:57:07]}
{[%emt 00:08:01]} 13. O-O {[%clk 00:51:22]} {[%emt 00:03:56]} Nf4 {[%clk
00:52:55]} {[%emt 00:04:42]} 14. Bf3 {[%clk 00:48:46]} {[%emt 00:03:06]} Be6
{[%clk 00:50:32]} {[%emt 00:02:52]} 15. Nc1 {[%clk 00:43:26]} {[%emt 00:05:50]}
Rc8 {[%clk 00:47:38]} {[%emt 00:03:25]} 16. g3 {[%clk 00:42:50]} {[%emt
00:01:07]} Ng6 {[%clk 00:45:46]} {[%emt 00:02:22]} 17. Rd1 {[%clk 00:42:15]}
{[%emt 00:01:04]} Qc7 {[%clk 00:39:45]} {[%emt 00:06:32]} 18. Nd3 {[%clk
00:37:46]} {[%emt 00:04:58]} Rfd8 {[%clk 00:36:59]} {[%emt 00:03:16]} 19. Nb4
{[%clk 00:38:07]} {[%emt 00:00:09]} Qc4 {[%clk 00:26:19]} {[%emt 00:11:10]} 20.
Na4 {[%clk 00:34:20]} {[%emt 00:04:17]} Qb5 {[%clk 00:22:57]} {[%emt 00:03:53]}
21. Nb6 {[%clk 00:28:21]} {[%emt 00:06:28]} Rc7 {[%clk 00:21:30]} {[%emt
00:01:58]} 22. b3 {[%clk 00:15:29]} {[%emt 00:13:22]} d5 {[%clk 00:18:40]}
{[%emt 00:03:20]} 23. exd5 {[%clk 00:13:57]} {[%emt 00:02:02]} Bxb4 {[%clk
00:18:51]} {[%emt 00:00:18]} 24. Bxb4 {[%clk 00:08:52]} {[%emt 00:05:36]} Bf5
{[%clk 00:18:51]} {[%emt 00:00:30]} 25. c3 {[%clk 00:08:14]} {[%emt 00:01:08]}
e4 {[%clk 00:17:03]} {[%emt 00:02:17]} 26. Be2 {[%clk 00:07:18]} {[%emt
00:01:26]} Qe8 {[%clk 00:17:32]} {[%emt 00:00:02]} 27. c4 {[%clk 00:06:14]}
{[%emt 00:01:33]} Ng4 {[%clk 00:15:41]} {[%emt 00:02:21]} 28. Qg5 {[%clk
00:05:46]} {[%emt 00:00:58]} Nh6 {[%clk 00:15:56]} {[%emt 00:00:15]} 29. Bc3
{[%clk 00:05:10]} {[%emt 00:01:05]} Qf8 {[%clk 00:13:32]} {[%emt 00:02:55]} 30.
b4 {[%clk 00:04:59]} {[%emt 00:00:42]} f6 {[%clk 00:13:49]} {[%emt 00:00:13]}
31. Qd2 {[%clk 00:04:42]} {[%emt 00:00:45]} Ng4 {[%clk 00:13:40]} {[%emt
00:00:39]} 32. d6 {[%clk 00:03:48]} {[%emt 00:01:25]} Rf7 {[%clk 00:14:09]} 33.
c5 {[%clk 00:03:02]} {[%emt 00:01:16]} N4e5 {[%clk 00:13:41]} {[%emt 00:00:58]}
34. Qe3 {[%clk 00:02:51]} {[%emt 00:00:41]} Qe8 {[%clk 00:11:13]} {[%emt
00:02:59]} 35. Rd2 {[%clk 00:01:59]} {[%emt 00:01:22]} Qc6 {[%clk 00:10:26]}
{[%emt 00:01:17]} 36. Nd5 {[%clk 00:01:44]} {[%emt 00:00:44]} Be6 {[%clk
00:06:11]} {[%emt 00:04:45]} 37. Qxe4 {[%clk 00:01:32]} {[%emt 00:00:42]} Rdf8
{[%clk 00:05:35]} {[%emt 00:01:06]} 38. Bxe5 {[%clk 00:01:24]} {[%emt
00:00:37]} fxe5 {[%clk 00:05:57]} {[%emt 00:00:09]} 39. Bh5 {[%clk 00:01:01]}
{[%emt 00:00:53]} Kh8 {[%clk 00:01:55]} {[%emt 00:04:32]} 40. Bxg6 {[%clk
00:01:13]} {[%emt 00:00:18]} hxg6 {[%clk 00:02:24]} {[%emt 00:00:02]} 41. Qh4+
{[%clk 00:26:13]} {[%emt 00:05:29]} 1-0

[Event "DEM U18 2024"]
[Site "Willingen GER"]
[Date "2024.05.20"]
[Round "3"]
[White "Fuhrmann, Bahne"]
[Black "Vortmeier, Jan"]
[Result "0-1"]
[Termination "normal"]
[Board "9"]
[WhiteElo "2159"]
[BlackElo "2082"]
[WhiteClock "00:11:51"]
[BlackClock "00:03:26"]
[PlyCount "100"]
[WhiteFideId "16244842"]
[BlackFideId "16261321"]
[EventCountry "GER"]
[EventRounds "9"]
[EventType "swiss"]
[EventDate "2024.05.18"]

1. e4 {[%clk 01:30:58]} {[%emt 00:00:02]} e5 {[%clk 01:30:54]} {[%emt
00:00:06]} 2. Nf3 {[%clk 01:31:23]} {[%emt 00:00:04]} Nc6 {[%clk 01:31:19]}
{[%emt 00:00:05]} 3. Bc4 {[%clk 01:31:49]} {[%emt 00:00:05]} Nf6 {[%clk
01:31:41]} {[%emt 00:00:08]} 4. d3 {[%clk 01:32:12]} {[%emt 00:00:06]} h6
{[%clk 01:32:05]} {[%emt 00:00:06]} 5. O-O {[%clk 01:31:36]} {[%emt 00:01:07]}
d6 {[%clk 01:32:29]} {[%emt 00:00:05]} 6. Nc3 {[%clk 01:27:48]} {[%emt
00:04:19]} g6 {[%clk 01:20:24]} {[%emt 00:12:35]} 7. Be3 {[%clk 01:23:52]}
{[%emt 00:04:25]} Bg7 {[%clk 01:15:47]} {[%emt 00:05:07]} 8. h3 {[%clk
01:18:13]} {[%emt 00:06:10]} O-O {[%clk 01:05:36]} {[%emt 00:10:40]} 9. a4
{[%clk 01:15:29]} {[%emt 00:03:14]} Na5 {[%clk 00:49:59]} {[%emt 00:16:07]} 10.
Ba2 {[%clk 01:14:43]} {[%emt 00:01:17]} c5 {[%clk 00:48:43]} {[%emt 00:01:45]}
11. Qd2 {[%clk 01:07:38]} {[%emt 00:07:35]} Kh7 {[%clk 00:48:11]} {[%emt
00:01:01]} 12. Ne2 {[%clk 01:08:01]} {[%emt 00:00:07]} Nc6 {[%clk 00:45:47]}
{[%emt 00:02:54]} 13. c3 {[%clk 01:01:40]} {[%emt 00:06:51]} b6 {[%clk
00:29:01]} {[%emt 00:17:16]} 14. b4 {[%clk 00:47:42]} {[%emt 00:14:28]} Be6
{[%clk 00:13:09]} {[%emt 00:16:22]} 15. Bxe6 {[%clk 00:38:33]} {[%emt
00:09:40]} fxe6 {[%clk 00:13:32]} {[%emt 00:00:07]} 16. b5 {[%clk 00:38:54]}
{[%emt 00:00:08]} Na5 {[%clk 00:11:37]} {[%emt 00:02:26]} 17. Qc2 {[%clk
00:37:10]} {[%emt 00:02:14]} Nh5 {[%clk 00:08:17]} {[%emt 00:03:48]} 18. Ne1
{[%clk 00:29:44]} {[%emt 00:07:57]} Nf4 {[%clk 00:04:57]} {[%emt 00:03:51]} 19.
Kh2 {[%clk 00:28:36]} {[%emt 00:01:37]} c4 {[%clk 00:02:36]} {[%emt 00:02:51]}
20. d4 {[%clk 00:27:03]} {[%emt 00:02:04]} Nxe2 {[%clk 00:02:33]} {[%emt
00:00:33]} 21. Qxe2 {[%clk 00:27:31]} {[%emt 00:00:02]} exd4 {[%clk 00:00:42]}
{[%emt 00:02:20]} 22. cxd4 {[%clk 00:26:28]} {[%emt 00:01:33]} Qh4 {[%clk
00:00:44]} {[%emt 00:00:28]} 23. f3 {[%clk 00:26:09]} {[%emt 00:00:49]} Rac8
{[%clk 00:00:35]} {[%emt 00:00:39]} 24. Rc1 {[%clk 00:25:53]} {[%emt 00:00:47]}
Bxd4 {[%clk 00:00:45]} {[%emt 00:00:19]} 25. Nc2 {[%clk 00:19:49]} {[%emt
00:06:34]} Be5+ {[%clk 00:00:39]} {[%emt 00:00:37]} 26. f4 {[%clk 00:19:29]}
{[%emt 00:00:50]} Rxf4 {[%clk 00:00:58]} {[%emt 00:00:11]} 27. Bxf4 {[%clk
00:17:55]} {[%emt 00:02:03]} Bxf4+ {[%clk 00:01:23]} {[%emt 00:00:05]} 28. Kh1
{[%clk 00:18:07]} {[%emt 00:00:19]} Bxc1 {[%clk 00:01:43]} {[%emt 00:00:09]}
29. Rxc1 {[%clk 00:18:31]} {[%emt 00:00:07]} Rf8 {[%clk 00:01:34]} {[%emt
00:00:39]} 30. Nd4 {[%clk 00:18:02]} {[%emt 00:00:59]} Rf2 {[%clk 00:01:32]}
{[%emt 00:00:31]} 31. Qe1 {[%clk 00:17:50]} {[%emt 00:00:42]} Qg3 {[%clk
00:01:45]} {[%emt 00:00:17]} 32. Qg1 {[%clk 00:18:12]} {[%emt 00:00:08]} e5
{[%clk 00:01:21]} {[%emt 00:00:55]} 33. Rc3 {[%clk 00:18:05]} {[%emt 00:00:37]}
Qxg2+ {[%clk 00:00:49]} {[%emt 00:01:02]} 34. Qxg2 {[%clk 00:18:28]} {[%emt
00:00:07]} Rxg2 {[%clk 00:01:15]} {[%emt 00:00:03]} 35. Kxg2 {[%clk 00:18:54]}
{[%emt 00:00:04]} exd4 {[%clk 00:01:39]} {[%emt 00:00:06]} 36. Rf3 {[%clk
00:17:17]} {[%emt 00:02:07]} c3 {[%clk 00:01:50]} {[%emt 00:00:19]} 37. Rf7+
{[%clk 00:17:21]} {[%emt 00:00:26]} Kg8 {[%clk 00:02:15]} {[%emt 00:00:05]} 38.
Rc7 {[%clk 00:17:44]} {[%emt 00:00:08]} Nb3 {[%clk 00:01:55]} {[%emt 00:00:49]}
39. Rc4 {[%clk 00:17:55]} {[%emt 00:00:20]} Nd2 {[%clk 00:01:05]} {[%emt
00:01:20]} 40. Rc8+ {[%clk 00:12:54]} {[%emt 00:05:30]} Kf7 {[%clk 00:01:14]}
{[%emt 00:00:21]} 41. Kf2 {[%clk 00:13:18]} {[%emt 00:00:06]} Nxe4+ {[%clk
00:01:31]} {[%emt 00:00:13]} 42. Ke1 {[%clk 00:10:27]} {[%emt 00:03:21]} Nc5
{[%clk 00:01:34]} {[%emt 00:00:28]} 43. Rc7+ {[%clk 00:10:29]} {[%emt
00:00:27]} Ke6 {[%clk 00:01:55]} {[%emt 00:00:09]} 44. Rxa7 {[%clk 00:10:19]}
{[%emt 00:00:41]} c2 {[%clk 00:01:30]} {[%emt 00:00:54]} 45. Kd2 {[%clk
00:10:43]} {[%emt 00:00:06]} d3 {[%clk 00:01:55]} {[%emt 00:00:05]} 46. Rc7
{[%clk 00:10:56]} {[%emt 00:00:18]} Nb3+ {[%clk 00:02:20]} {[%emt 00:00:04]}
47. Kxd3 {[%clk 00:10:58]} {[%emt 00:00:28]} c1=Q {[%clk 00:02:43]} {[%emt
00:00:08]} 48. Rxc1 {[%clk 00:11:24]} {[%emt 00:00:04]} Nxc1+ {[%clk 00:03:04]}
{[%emt 00:00:08]} 49. Kc4 {[%clk 00:11:51]} {[%emt 00:00:03]} d5+ {[%clk
00:03:26]} 0-1

[Event "DEM U18 2024"]
[Site "Willingen GER"]
[Date "2024.05.20"]
[Round "3"]
[White "Foksha, Mischa"]
[Black "Hecht, Jonas Christian"]
[Result "0-1"]
[Termination "normal"]
[Board "10"]
[WhiteElo "2022"]
[BlackElo "2101"]
[WhiteClock "00:03:10"]
[BlackClock "00:06:57"]
[PlyCount "70"]
[WhiteFideId "16253400"]
[BlackFideId "16214846"]
[EventCountry "GER"]
[EventRounds "9"]
[EventType "swiss"]
[EventDate "2024.05.18"]

1. e4 {[%clk 01:30:57]} {[%emt 00:00:02]} c5 {[%clk 01:30:56]} {[%emt
00:00:05]} 2. Nf3 {[%clk 01:31:23]} {[%emt 00:00:03]} a6 {[%clk 01:31:24]}
{[%emt 00:00:03]} 3. c3 {[%clk 01:31:16]} {[%emt 00:00:37]} d5 {[%clk
01:31:41]} {[%emt 00:00:12]} 4. exd5 {[%clk 01:31:40]} {[%emt 00:00:07]} Qxd5
{[%clk 01:32:05]} {[%emt 00:00:06]} 5. d4 {[%clk 01:31:49]} {[%emt 00:00:21]}
e6 {[%clk 01:32:24]} {[%emt 00:00:11]} 6. Be3 {[%clk 01:31:03]} {[%emt
00:01:15]} Nd7 {[%clk 01:32:45]} {[%emt 00:00:10]} 7. Be2 {[%clk 01:24:09]}
{[%emt 00:07:23]} Ngf6 {[%clk 01:29:03]} {[%emt 00:04:09]} 8. O-O {[%clk
01:24:31]} {[%emt 00:00:10]} Qc6 {[%clk 01:24:17]} {[%emt 00:05:18]} 9. a4
{[%clk 01:22:04]} {[%emt 00:02:56]} b6 {[%clk 01:19:49]} {[%emt 00:04:58]} 10.
dxc5 {[%clk 01:11:41]} {[%emt 00:10:53]} Bxc5 {[%clk 01:12:01]} {[%emt
00:08:16]} 11. Nd4 {[%clk 01:08:51]} {[%emt 00:03:22]} Qc7 {[%clk 01:10:33]}
{[%emt 00:01:59]} 12. Bf3 {[%clk 01:03:55]} {[%emt 00:05:25]} Bb7 {[%clk
01:05:51]} {[%emt 00:05:13]} 13. Bxb7 {[%clk 01:03:43]} {[%emt 00:00:41]} Qxb7
{[%clk 01:05:58]} {[%emt 00:00:23]} 14. b4 {[%clk 01:04:03]} {[%emt 00:00:10]}
Be7 {[%clk 01:04:43]} {[%emt 00:01:45]} 15. Qe2 {[%clk 00:57:35]} {[%emt
00:06:59]} O-O {[%clk 01:02:42]} {[%emt 00:02:31]} 16. Nd2 {[%clk 00:57:18]}
{[%emt 00:00:47]} Nd5 {[%clk 00:53:06]} {[%emt 00:10:06]} 17. Rfc1 {[%clk
00:56:13]} {[%emt 00:01:34]} Rfc8 {[%clk 00:50:39]} {[%emt 00:02:57]} 18. Qf3
{[%clk 00:54:31]} {[%emt 00:02:13]} Ne5 {[%clk 00:38:50]} {[%emt 00:12:19]} 19.
Qe4 {[%clk 00:54:03]} {[%emt 00:00:58]} Qc7 {[%clk 00:30:47]} {[%emt 00:08:33]}
20. N2f3 {[%clk 00:37:23]} {[%emt 00:17:09]} Nxf3+ {[%clk 00:24:52]} {[%emt
00:06:25]} 21. Qxf3 {[%clk 00:37:26]} {[%emt 00:00:27]} Qe5 {[%clk 00:23:48]}
{[%emt 00:01:34]} 22. b5 {[%clk 00:31:32]} {[%emt 00:06:25]} Bf6 {[%clk
00:16:22]} {[%emt 00:07:56]} 23. Bd2 {[%clk 00:14:41]} {[%emt 00:17:20]} Qd6
{[%clk 00:14:41]} {[%emt 00:02:10]} 24. Nc6 {[%clk 00:12:37]} {[%emt 00:02:35]}
axb5 {[%clk 00:12:55]} {[%emt 00:02:17]} 25. axb5 {[%clk 00:13:00]} {[%emt
00:00:06]} Rxa1 {[%clk 00:13:03]} {[%emt 00:00:22]} 26. Rxa1 {[%clk 00:13:25]}
{[%emt 00:00:04]} Nc7 {[%clk 00:10:39]} {[%emt 00:02:55]} 27. Bf4 {[%clk
00:09:17]} {[%emt 00:04:37]} e5 {[%clk 00:09:55]} {[%emt 00:01:15]} 28. Rd1
{[%clk 00:08:34]} {[%emt 00:01:13]} Qe6 {[%clk 00:08:13]} {[%emt 00:02:13]} 29.
Na7 {[%clk 00:06:52]} {[%emt 00:02:11]} Ra8 {[%clk 00:06:48]} {[%emt 00:01:55]}
30. Qb7 {[%clk 00:06:36]} {[%emt 00:00:46]} exf4 {[%clk 00:06:10]} {[%emt
00:01:08]} 31. Qxc7 {[%clk 00:05:07]} {[%emt 00:01:59]} h6 {[%clk 00:06:26]}
{[%emt 00:00:14]} 32. Nc6 {[%clk 00:04:49]} {[%emt 00:00:48]} Qe2 {[%clk
00:06:13]} {[%emt 00:00:43]} 33. Rf1 {[%clk 00:05:10]} {[%emt 00:00:08]} f3
{[%clk 00:06:32]} {[%emt 00:00:12]} 34. Qb7 {[%clk 00:03:10]} {[%emt 00:02:31]}
Qxf1+ {[%clk 00:06:57]} 0-1